Music Quiz

Random Music or Song Quiz

First Word Beatles Song Titles Quiz Stats

 Plays Quiz Updated Nov 7, 2017

Challenge
Share
Tweet
Embed
Score 0/30 Timer 04:00
10 Plays Today
First Word % Correct
Hey
98.3%
Yellow
97.8%
Here
97.6%
All
97.2%
Lucy
96.1%
Strawberry
95.1%
Can't
94.9%
Love
94.8%
Helter
94.8%
Penny
92%
Back
90.5%
Hello
89.2%
Please
89.1%
While
86.1%
Come
85.2%
First Word % Correct
You've
81.6%
I've
78.7%
Your
76.8%
And
72.3%
Norwegian
72%
Rocky
69.3%
Happiness
67.1%
Mother
58.4%
Baby
55.7%
Nowhere
55.6%
Mean
53.9%
Maggie
50.6%
Dizzy
50.5%
Fixing
43.7%
Glass
43.2%

You're not logged in!

Compare scores with friends on all Sporcle quizzes.
Join for Free
OR
Log In

You Might Also Like...

Show Comments

Extras

Top Quizzes Today


Score Distribution

Your Account Isn't Verified!

In order to create a playlist on Sporcle, you need to verify the email address you used during registration. Go to your Sporcle Settings to finish the process.

Report this User

Report this user for behavior that violates our Community Guidelines.

Details: